Ingeniería económica
I tiakina i:
| Ngā kaituhi matua: | , |
|---|---|
| Hōputu: | Pukapuka |
| Reo: | Pāniora |
| I whakaputaina: |
Bogotá
McGraw Hill
1999
|
| Putanga: | 4a. ed |
| Ngā marau: | |
| Ngā Tūtohu: |
Tāpirihia he Tūtohu
Kāore He Tūtohu, Me noho koe te mea tuatahi ki te tūtohu i tēnei pūkete!
|
MARC
| LEADER | 00000nam a2200000 a 4500 | ||
|---|---|---|---|
| 001 | UCO2470 | ||
| 003 | CL-VaPUC | ||
| 008 | 000602e19990000CK |||||||||||||||||spa|d | ||
| 020 | |a 9586009661 | ||
| 082 | 0 | 4 | |a 332 |b BLA |2 21 |
| 100 | |a Blank, Leland T |e author |9 574150 | ||
| 700 | 0 | |a Tarquin, Anthony J |e author |9 445685 | |
| 245 | 1 | 0 | |a Ingeniería económica |
| 250 | |a 4a. ed | ||
| 300 | |a 722 p | ||
| 942 | |c BK | ||
| 945 | |d 20000602 00:00:00 |a vberengu | ||
| 260 | |a Bogotá |b McGraw Hill |c 1999 | ||
| 650 | 0 | |a Análisis de costo-beneficio |9 358645 | |
| 650 | 0 | |a Análisis económico |9 259939 | |
| 650 | 0 | |a Investigación económica |9 320830 | |
| 583 | |a last modification |c 20000602 00:00:00 |k Rodrigo Vera | ||
| 999 | |c 288977 |d 288975 | ||
| 952 | |0 0 |1 0 |2 ddc |4 0 |6 332_000000000000000_BLA_1999 |7 0 |8 A |9 337009 |a BIBING |b BIBING |c RES |d 2019-11-20 |i 3625664 |o 332 BLA 1999 |p 3625664 |r 2025-01-20 |w 2019-11-20 |y BK |k ING | ||
| 952 | |0 0 |1 0 |2 ddc |4 0 |6 332_000000000000000_BLA_1999 |7 0 |8 A |9 337010 |a BIBING |b BIBING |c RES |d 2019-11-20 |i 3626679 |o 332 BLA 1999 |p 3626679 |r 2025-01-20 |w 2019-11-20 |y BK |k ING | ||
| 952 | |0 0 |1 0 |2 ddc |4 0 |6 332_000000000000000_BLA_1999 |7 0 |8 A |9 337011 |a BIBING |b BIBING |c RES |d 2019-11-20 |i 3626687 |o 332 BLA 1999 |p 3626687 |r 2025-01-20 |w 2019-11-20 |y BK |k ING | ||
| 952 | |0 0 |1 0 |2 ddc |4 0 |6 332_000000000000000_BLA_1999 |7 0 |8 A |9 337012 |a BIBING |b BIBING |c RES |d 2019-11-20 |i 3626695 |o 332 BLA 1999 |p 3626695 |r 2025-01-20 |w 2019-11-20 |y BK |k ING | ||
| 952 | |0 0 |1 0 |2 ddc |4 0 |6 332_000000000000000_BLA_1999 |7 0 |8 A |9 337013 |a BIBING |b BIBING |c RES |d 2019-11-20 |i 3626709 |o 332 BLA 1999 |p 3626709 |r 2025-01-20 |w 2019-11-20 |y BK |k ING | ||
| 952 | |0 0 |1 0 |2 ddc |4 0 |6 332_000000000000000_BLA_1999 |7 0 |8 A |9 337015 |a BIBING |b BIBING |c RES |d 2019-11-20 |i 367231K |o 332 BLA 1999 |p 367231K |r 2025-01-20 |w 2019-11-20 |y BK |k CCI | ||
| 952 | |0 0 |1 0 |2 ddc |4 0 |6 332_000000000000000_BLA_1999 |7 0 |8 A |9 337016 |a BIBING |b BIBING |c RES |d 2019-11-20 |i 3672328 |o 332 BLA 1999 |p 3672328 |r 2025-01-20 |w 2019-11-20 |y BK |k CCI | ||
| 952 | |0 0 |1 0 |2 ddc |4 0 |6 332_000000000000000_BLA_1999 |7 0 |8 A |9 337017 |a BIBING |b BIBING |c RES |d 2019-11-20 |i 3729591 |o 332 BLA 1999 |p 3729591 |r 2025-01-20 |w 2019-11-20 |y BK |k CCI | ||
| 952 | |0 0 |1 0 |2 ddc |4 0 |6 332_000000000000000_BLA_1999 |7 0 |8 A |9 337018 |a BIBING |b BIBING |c RES |d 2019-11-20 |i 3729605 |o 332 BLA 1999 |p 3729605 |r 2025-01-20 |w 2019-11-20 |y BK |k CCI | ||
| 952 | |0 0 |1 0 |2 ddc |4 0 |6 332_000000000000000_BLA_1999 |7 0 |8 A |9 337020 |a BIBING |b BIBING |c RES |d 2019-11-20 |i 4018621 |o 332 BLA 1999 |p 4018621 |r 2025-01-20 |w 2019-11-20 |y BK |k EIQ | ||
| 952 | |0 0 |1 0 |2 ddc |4 0 |6 332_000000000000000_BLA_1999 |7 0 |8 A |9 337021 |a BIBING |b BIBING |c RES |d 2019-11-20 |i 401863K |o 332 BLA 1999 |p 401863K |r 2025-01-20 |w 2019-11-20 |y BK |k EIQ | ||
| 952 | |0 0 |1 0 |2 ddc |4 0 |6 332_000000000000000_BLA_1999 |7 0 |8 A |9 337022 |a BIBING |b BIBING |c RES |d 2019-11-20 |i 4018648 |o 332 BLA 1999 |p 4018648 |r 2025-01-20 |w 2019-11-20 |y BK |k EIQ | ||